01199nam a2200265 a 4500001000400000003000500004005001700009008004100026020001500067040002600082100002700108245016700135260009100302300001100393490002700404650002500431650004900456650003000505710005300535942001300588999001300601952010700614952010700721952010500828127CDMR20131129100354.0130130s1990||||||||||||||||||||||||||||d a8439313799 aCDMRbcatcCPC GIRONA1 aMateo, Rosario de910414aEls ajuts de l'estat a la premsa a l'Europa Occidentalb: anàlisi comparada de les polítiques de 17 païsoscRosario de Mateo ; pròleg Pedro Crespo de Lara c1990bGeneralitat de Catalunya. Centre d'Investigació de la ComunicacióaBarcelona a199 p.0 aEstudis i recerquesv40494093aPremsazEuropa0494408aEuropaxPolítica de la comunicació0494415aPremsaxSubvencions2 9304aCentre d'Investigació de la Comunicació cMON2udc c127d127 00102udc4070aGIRONAbGIRONAd2010-12-03l0oCg 492 pGIRONA1311612549r2013-01-16w2013-01-16yMON 00102udc4070aGIRONAbGIRONAd2010-12-03l0oCg 421 pGIRONA1311612550r2013-01-16w2013-01-16yMON 00104070aCDMRbCDMRd2013-01-16l1oDo /30pCDMR13066741r2013-06-19s2013-06-19w2013-06-19yMON